• 首页
  • 本馆介绍
  • 公告通知
  • 最新文献
  • 馆藏检索
  • 电子资源
  • 读者导购
  • 参考咨询
  • 我的图书馆
  • 登录
  • 详细信息显示
  • 放入我的书架
  • 预约/预借图书
  • 作者相关作品
  • 分类相关作品
  • 丛书相关作品
  • 出版社相关作品

书目信息

  • 表格格式
  • 工作单格式
  • 卡片格式
题名:
来自海底的秘密
    
 
作者: ;科普世界编委会 编
分册:  
出版信息: 赤峰   内蒙古科学技术出版社  2020.2
页数: 149页
开本: 23cm
丛书名:
单 册:
中图分类: P737.2
科图分类:
主题词: 海底--普及读物
电子资源:
ISBN: 978-7-5380-2753-2
000 00762nam0 2200241 45
001 012001002072
005 20140913101322.0
010    @a978-7-5380-2753-2@dCNY38.80
100    @a20180118d2016 em y0chiy50 ea
101 0  @achi
102    @aCN@b150000
105    @aa z 000yy
106    @ar
200 1  @a来自海底的秘密@Alai zi hai di de mi mi@f《科普世界》编委会编
210    @a赤峰@c内蒙古科学技术出版社@d2020.2
215    @a149页@c彩图@d23cm
300    @a十万个为什么
330    @a本书分为六部分,包括:走近海洋、海洋风貌、海洋植物、海洋动物、海洋资源、海洋趣闻等。
606 0  @a海底@j普及读物
690    @aP737.2@v5
711 02 @a科普世界编委会@Ake pu shi jie bian wei hui@4编
801  0 @aCN@bBJSDL@c20211011
905    @b1338330-3@dP737.2@e127@f4
    
    来自海底的秘密/《科普世界》编委会编.-赤峰:内蒙古科学技术出版社,2020.2
    149页:彩图;23cm
    十万个为什么
    
    ISBN 978-7-5380-2753-2:CNY38.80
    本书分为六部分,包括:走近海洋、海洋风貌、海洋植物、海洋动物、海洋资源、海洋趣闻等。
●
相关链接 在E读中查询图书 在五车中查询图书 在当当中查询图书 在豆瓣中查询图书


正题名:来自海底的秘密     索取号:P737.2/127         预约/预借

序号 登录号 条形码 馆藏地/架位号 状态 备注
1 1338330   213383300   第二样本阅览室/ [索取号:P737.2/127] 在馆    
2 1338331   213383319   第三借阅区/ [索取号:P737.2/127] 在馆    
3 1338332   213383328   第三借阅区/ [索取号:P737.2/127] 在馆    
4 1338333   213383337   第三借阅区/ [索取号:P737.2/127] 在馆    
唐山师范学院图书馆 欢迎您!
大连网信软件有限公司© 版权所有